| 000 | 00605nam a2200193 a 4500 | ||
|---|---|---|---|
| 001 | 000028873 | ||
| 003 | DO-SdBNP | ||
| 005 | 20250607073643.0 | ||
| 008 | 110412s1997 dr 000 0 spa d | ||
| 040 |
_aDO-SdBNP _bspa _cBNPHU |
||
| 049 | _aBNPD | ||
| 082 |
_axxx _bR426h |
||
| 110 |
_aRepública Dominicana _9447 |
||
| 245 | 1 | 0 |
_aHospital psiquiatrico Padre Billini : _bprograma de trabajo. |
| 260 |
_aSanto Domingo : _bSESPAS, _c1997. |
||
| 300 |
_a35 p. ; _c23 cm. |
||
| 710 | 1 |
_aRepública Dominicana. _b Secretaria de Estado de Salud Pública y Asistencia Social (2001) _956549 |
|
| 942 |
_2ddc _cLBS1 |
||
| 999 |
_c28365 _d28365 |
||